000 00354nam a22001337a 4500
999 _c9858
_d9858
003 OSt
005 20180720083500.0
008 180720b ||||| |||| 00| 0 eng d
245 _aBomb kills father and daughter at Thai school.
260 _aPhilippines
_bThe Philippine Star
_cc2016
300 _apage 17.
600 0 _929171
_aTerrorism.
942 _2ddc
_cPER